000 00878nam a2200217 a 4500
003 0
005 20250321104927.0
008 060801s19uu xx 00 eng d
050 _aPGS LB 2376.K6.C46
_b.K49 2006
100 _aKim, You Kyum.
245 _aFactors affecting selected Korean parents' choice of SISC over other international schools /
_cYou Kyum Kim.
260 _aLas PiƱas City, Philippines :
_bSouthville International School and Colleges,
_c2006.
300 _a32 pages :
_billustrations ;
_c28 cm.
504 _aIncludes bibliographical references.
650 _aEducation, International
_zKorea (South).
650 _aPrivate schools
_vParent participation
_zKorea (South).
650 _aEducation
_vParental preferences.
650 _aInternational schools
_vAdmission.
650 _aKorean students
_vEducation
_vForeign countries.
942 _2lcc
_cPASS
999 _c97504
_d97504